| 000 | 00338nam a2200121Ia 4500 | ||
|---|---|---|---|
| 008 | 191129s9999 xx 000 0 und d | ||
| 020 | _a9789719257493 | ||
| 100 | _aTan, Budjette | ||
| 245 |
_cBudjette Tan _aTrese: _bunreported murders/ |
||
| 260 |
_aManila: _bVisprint, Inc. _c2008 |
||
| 300 |
_a88 p. ; _bill. : _c23 cm. |
||
| 650 | _aFiction | ||
| 999 |
_c362751 _d362751 |
||